[Event "Bled (ol) 87/310"]
[Site "?"]
[Date "2002.??.??"]
[Round "?"]
[White "Short, N."]
[Black "Sulskis, S."]
[Result "1-0"]
[WhiteElo "2684"]
[BlackElo "2576"]
[PlyCount "91"]
[EventDate "2002.??.??"]
[Source "Chess Informant"]
[SourceDate "2003.02.01"]

1. e4 e5 2. Nf3 Nc6 3. Bb5 a6 4. Ba4 b5 5. Bb3 Na5 6. O-O d6 7. d4 Nxb3 8. axb3 f6 9. Nc3 Bb7 10. Nh4 Qd7 11. Nd5 Ne7 12. Qh5+ Kd8 13. c4 Nxd5 14. cxd5 g6 15. Qf3 Be7 16. Qg3 c6 17. dxc6 Bxc6 18. d5 Bb7 19. Be3 Ke8 20. f4 Rc8 21. Rf2 Rf8 22. Nxg6 Rg8 23. f5 hxg6 24. fxg6 f5 25. exf5 Bf6 26. Rd1 Qe7 27. Qg4 Kd7 28. h4 Kc7 29. h5 Kb8 30. Qe4 Bg5 31. h6 Bxe3 32. Qxe3 Qf6 33. h7 Rge8 34. g4 Qh4 35. Qe4 Qf6 36. Rh2 Rc5 37. Rh5 Bc8 38. g5 Qg7 39. f6 Qc7 40. h8=Q Rc1 41. Qe1 Qc5+ 42. Kh1 Rxh8 43. Rxh8 Rxd1 44. Qxd1 Qe3 45. Qc2 Qf3+ 46. Qg2 1-0

[Event "Cappelle la Grande"]
[Site "?"]
[Date "1993.??.??"]
[Round "?"]
[White "Gofshtein, L."]
[Black "Agdestein, S."]
[Result "1-0"]
[WhiteElo "2560"]
[BlackElo "2630"]
[PlyCount "79"]
[EventDate "1993.??.??"]
[Source "ChessBase"]
[SourceDate "1993.02.01"]

1. e4 e5 2. Nf3 Nc6 3. Bb5 a6 4. Ba4 b5 5. Bb3 Na5 6. O-O d6 7. d4 f6 8. Qe2 Ne7 9. Rd1 Ng6 10. c4 c6 11. h3 Be7 12. Bd2 Nxb3 13. axb3 Bd7 14. Na3 O-O 15. Nc2 f5 16. Nb4 exd4 17. Nxd4 c5 18. Ndc6 Qe8 19. Nxe7+ Nxe7 20. Nxa6 Qg6 21. Bf4 fxe4 22. Rxd6 Be6 23. Rad1 Rac8 24. Nc7 Rxc7 25. Rxe6 Qxe6 26. Bxc7 Nf5 27. cxb5 Qxb3 28. Rc1 Nd4 29. Qc4+ Rf7 30. b6 Qxb2 31. Rf1 h6 32. Qd5 Ne2+ 33. Kh2 Nc3 34. Qc4 Nb5 35. Rd1 g5 36. Rd8+ Kg7 37. Qe6 Nxc7 38. bxc7 Qxf2 39. Qe5+ Kg6 40. Qxe4+ 1-0

[Event "Astana m"]
[Site "?"]
[Date "2003.01.16"]
[Round "6"]
[White "Sadvakasov Darmen"]
[Black "Kortschnoj Viktor"]
[Result "1/2-1/2"]
[WhiteElo "2523"]
[BlackElo "2642"]
[PlyCount "126"]
[EventDate "2003.??.??"]
[Source "www.chesslib.no"]
[SourceDate "2004.05.04"]

1. e4 e5 2. Nf3 Nc6 3. Bb5 a6 4. Ba4 f5 5. d4 exd4 6. e5 Bc5 7. O-O Nge7 8. Bb3 d5 9. exd6 Qxd6 10. Re1 h6 11. Nbd2 b5 12. a4 Rb8 13. axb5 axb5 14. c4 b4 15. Ba4 O-O 16. Nb3 f4 17. Nfd2 f3 18. Ne4 Qg6 19. Ng3 Bd6 20. Nxd4 Nxd4 21. Qxd4 fxg2 22. c5 Bxg3 23. hxg3 Qh5 24. Qh4 Qf3 25. Qc4+ Kh8 26. Qe2 Qf5 27. f4 Ng8 28. Be3 Qg6 29. Qxg2 Bf5 30. Bc6 Rbd8 31. Rad1 Bh3 32. Qxh3 Qxc6 33. Qg2 Qf6 34. Qc2 Ne7 35. Bf2 Nf5 36. Rxd8 Rxd8 37. Re5 Rf8 38. Qc4 Qg6 39. Qe4 h5 40. Re6 Qg4 41. Qe2 Rd8 42. Qxg4 hxg4 43. Re5 g6 44. Re4 b3 45. Rb4 Rd3 46. Rb7 c6 47. Rc7 Rd1+ 48. Kg2 Rd2 49. Rxc6 Rxb2 50. Rb6 Kg7 51. c6 Ne7 52. c7 Kf8 53. Rb8+ Kf7 54. Kf1 Rc2 55. Rxb3 Rxc7 56. Rb5 Nf5 57. Rb3 Rc6 58. Kg2 Ke6 59. Rb5 Rc2 60. Kf1 Nd6 61. Re5+ Kf6 62. Bd4 Nf5 63. Bf2 Nd6 1/2-1/2

[Event "Gibraltar Masters"]
[Site "?"]
[Date "2003.02.05"]
[Round "9"]
[White "Pavlovic Milos"]
[Black "Agdestein Simen"]
[Result "1-0"]
[WhiteElo "2560"]
[BlackElo "2578"]
[PlyCount "55"]
[EventDate "2003.??.??"]
[Source "www.chesslib.no"]
[SourceDate "2004.05.04"]

1. e4 e5 2. Nf3 Nc6 3. Bb5 a6 4. Ba4 b5 5. Bb3 Na5 6. O-O d6 7. d4 f6 8. Nc3 Nxb3 9. axb3 Bb7 10. Qe2 g6 11. Be3 c6 12. dxe5 fxe5 13. Ng5 Be7 14. f4 Bxg5 15. fxg5 Qc7 16. Qf2 Qd7 17. Rad1 O-O-O 18. Bb6 Re8 19. Qf7 h6 20. Qxg6 hxg5 21. Rf7 Qe6 22. Rxd6 Qxg6 23. Rxg6 Nh6 24. Rc7+ Kb8 25. Rcg7 Bc8 26. Rxc6 Re6 27. Ba7+ Ka8 28. Rcc7 1-0

[Event "Espoo (zt)"]
[Site "?"]
[Date "1989.??.??"]
[Round "?"]
[White "Arnason, J."]
[Black "Agdestein, S."]
[Result "0-1"]
[WhiteElo "2520"]
[BlackElo "2605"]
[PlyCount "75"]
[EventDate "1989.??.??"]
[Source "ChessBase"]
[SourceDate "1989.07.01"]

1. e4 e5 2. Nf3 Nc6 3. Bb5 a6 4. Ba4 b5 5. Bb3 Na5 6. O-O d6 7. d4 f6 8. Bxg8 Rxg8 9. Ne1 Qd7 10. f4 exd4 11. Qxd4 Bb7 12. Nc3 f5 13. a4 fxe4 14. axb5 axb5 15. Nxe4 Qf5 16. Ng3 Qd5 17. Nf3 Kd7 18. Qf2 Nc6 19. Rxa8 Bxa8 20. Ng5 h6 21. N5e4 Be7 22. Qe2 Nd4 23. Qd1 h5 24. Rf2 h4 25. Nc3 Qc4 26. Nge4 Nf5 27. b3 Qc6 28. Qd3 b4 29. Ng5 g6 30. Nce4 Re8 31. Re2 Bb7 32. Nf3 Kc8 33. Qd2 h3 34. g4 Nh4 35. Nd4 Qd5 36. Kf1 Ba6 37. Qe3 Bd8 38. Nxd6+ 0-1

[Event "II Campionato Italiano Lampo Online"]
[Site "playchess.com"]
[Date "2007.12.23"]
[Round "1.2"]
[White "Sellitti, Federico"]
[Black "Napoli, Nicolò"]
[Result "0-1"]
[WhiteElo "2338"]
[BlackElo "2777"]
[PlyCount "150"]
[EventDate "2007.12.23"]
[Source "www.chesslib.no"]
[SourceDate "2004.05.04"]

1. e4 Nc6 2. Nf3 e5 3. Bb5 a6 4. Ba4 b5 5. Bb3 Na5 6. O-O d6 7. d4 Nxb3 8. axb3 exd4 9. Nxd4 Bb7 10. Nc3 Nf6 11. Re1 Be7 12. Nf5 O-O 13. Qd3 Re8 14. Qg3 Nh5 15. Qg4 g6 16. Nd5 Bf6 17. Bh6 Bxd5 18. exd5 Re5 19. Ne3 Qc8 20. Qf3 Bg7 21. Bxg7 Kxg7 22. Ng4 Rxe1+ 23. Rxe1 Qf5 24. Qc3+ Nf6 25. Ne3 Qd7 26. Ra1 Qe7 27. h3 h5 28. Qc6 Ra7 29. Rxa6 Rxa6 30. Qxa6 Nxd5 31. Nf1 Qd7 32. Qa1 Nf6 33. Qd1 Qc6 34. Qd3 Qc5 35. Ne3 Qe5 36. c3 c6 37. b4 d5 38. Qd2 Ne4 39. Qd4 Qxd4 40. cxd4 Nd2 41. f3 Nc4 42. Nxc4 dxc4 43. Kf2 Kf6 44. Ke3 Ke6 45. Kd2 Kd5 46. Kc3 h4 47. f4 f6 48. b3 cxb3 49. Kxb3 Kxd4 50. Kc2 Kc4 51. Kd2 f5 52. Ke3 Kxb4 53. Kf3 Kc4 54. g3 hxg3 55. Kxg3 Kd4 56. Kh4 b4 57. Kg5 b3 58. Kxg6 b2 59. Kxf5 b1=Q+ 60. Kg5 Qg1+ 61. Kf6 Ke4 62. f5 Qa1+ 63. Ke6 Qe5+ 64. Kf7 Qxf5+ 65. Ke7 Qg6 66. Kd8 Kd5 67. Kc7 c5 68. Kc8 Qg7 69. Kb8 Kc6 70. Ka8 Qc7 71. h4 c4 72. h5 c3 73. h6 c2 74. h7 c1=Q 75. h8=Q Qb7# 0-1

[Event "Biel Interzonal"]
[Site "Biel"]
[Date "1993.??.??"]
[Round "1"]
[White "Sherzer, Alex"]
[Black "Agdestein, Simen"]
[Result "0-1"]
[WhiteElo "2500"]
[BlackElo "2610"]
[PlyCount "122"]
[EventDate "1993.07.??"]
[Source "ChessBase"]

1. e4 e5 2. Nf3 Nc6 3. Bb5 a6 4. Ba4 b5 5. Bb3 Na5 6. O-O d6 7. d4 f6 8. c3 Nxb3 9. Qxb3 Ne7 10. a4 Bd7 11. axb5 axb5 12. Rxa8 Qxa8 13. Na3 Qa4 14. Qa2 exd4 15. Nxd4 c5 16. Ndc2 Qxe4 17. Re1 Qc6 18. b4 c4 19. Nd4 Qd5 20. Nac2 Qb7 21. Bf4 Kf7 22. Ra1 Nd5 23. Qa7 Qc8 24. Bd2 Be7 25. Ra5 Nc7 26. Na3 Qb8 27. h4 Rc8 28. Bf4 Ke8 29. f3 Qxa7 30. Rxa7 Nd5 31. Bd2 Bd8 32. Ra6 Bb6 33. Nac2 Rb8 34. Kh2 Kd8 35. Ne2 Kc7 36. Nf4 Kb7 37. Ra1 Nc7 38. Kg3 Re8 39. Re1 Rxe1 40. Bxe1 Bf5 41. Nd4 Bxd4 42. cxd4 Kc6 43. h5 g5 44. hxg6 hxg6 45. Kf2 g5 46. Ne2 Nd5 47. g3 Bd3 48. Nc1 Bb1 49. Ne2 Bd3 50. Nc1 f5 51. Na2 g4 52. Bd2 Bc2 53. fxg4 fxg4 54. Be1 Bb1 55. Nc3 Nxb4 56. Nxb1 Nd3+ 57. Ke2 Nxe1 58. Kxe1 b4 59. Kd2 c3+ 60. Kc2 Kb6 61. d5 Kc5 0-1

[Event "Gausdal (zt)"]
[Site "?"]
[Date "1987.??.??"]
[Round "?"]
[White "Arnason, J."]
[Black "Agdestein, S."]
[Result "1-0"]
[WhiteElo "2540"]
[BlackElo "2560"]
[PlyCount "81"]
[EventDate "1987.??.??"]
[Source "ChessBase"]
[SourceDate "1987.01.01"]

1. e4 e5 2. Nf3 Nc6 3. Bb5 a6 4. Ba4 b5 5. Bb3 Na5 6. O-O d6 7. d4 Nxb3 8. axb3 f6 9. Nh4 Ne7 10. f4 Bb7 11. d5 c6 12. c4 exf4 13. Rxf4 g5 14. Qh5+ Kd7 15. Rxf6 Qb6+ 16. Kh1 gxh4 17. Qf7 Rd8 18. Rxd6+ Kc8 19. Qe6+ Kb8 20. Rxd8+ Qxd8 21. Qe5+ Ka8 22. Qxh8 Ng6 23. Qd4 c5 24. Qf2 Bd6 25. Nc3 bxc4 26. Nb5 Bb8 27. Qxc5 h3 28. Be3 hxg2+ 29. Kxg2 Ne5 30. Qb6 Qc8 31. h3 Nd7 32. Qd4 Qg8+ 33. Kf1 Qg3 34. d6 Qxh3+ 35. Ke1 Qh1+ 36. Kd2 Qg2+ 37. Kc3 Bxe4 38. Rxa6+ Kb7 39. Ra7+ Kc8 40. Qh8+ Nf8 41. Qxf8# 1-0

[Event "St Petersburg-ch"]
[Site "St Petersburg"]
[Date "1996.??.??"]
[Round "6"]
[White "Svidler, Peter"]
[Black "Orlov, Vassily"]
[Result "1/2-1/2"]
[WhiteElo "2650"]
[BlackElo "2430"]
[PlyCount "94"]
[EventDate "1996.04.??"]
[Source "ChessBase"]

1. e4 e5 2. Nf3 Nc6 3. Bb5 a6 4. Ba4 b5 5. Bb3 Na5 6. O-O d6 7. d4 f6 8. Nc3 Nxb3 9. axb3 Bb7 10. d5 g6 11. Nh4 Nh6 12. f4 Nf7 13. b4 f5 14. Nxf5 gxf5 15. fxe5 dxe5 16. Rxf5 Bg7 17. Qh5 O-O 18. Be3 Nd6 19. Rxe5 Bxe5 20. Qxe5 Qe8 21. Qd4 Qg6 22. Re1 Rae8 23. Bc1 Nf5 24. Qf2 Nd6 25. Qh4 Nc4 26. h3 Kh8 27. Kh1 Qf6 28. Qxf6+ Rxf6 29. b3 Ne5 30. Be3 Kg8 31. Bd4 Rf7 32. Nd1 Rfe7 33. Ne3 Bc8 34. Nf1 Ng6 35. Ng3 Nf4 36. c4 Nd3 37. Re2 Nf4 38. Re3 Bd7 39. e5 bxc4 40. bxc4 Ng6 41. e6 Bxe6 42. dxe6 Rxe6 43. Rf3 Rf8 44. Nf5 h5 45. Bc5 Rff6 46. Bd4 Rf8 47. Bc5 Rff6 1/2-1/2

[Event "Baguio City"]
[Site "?"]
[Date "1987.??.??"]
[Round "?"]
[White "Anand, V."]
[Black "Agdestein, S."]
[Result "1-0"]
[WhiteElo "2505"]
[BlackElo "2565"]
[PlyCount "75"]
[EventDate "1987.??.??"]
[Source "ChessBase"]
[SourceDate "1987.07.01"]

1. e4 e5 2. Nf3 Nc6 3. Bb5 a6 4. Ba4 b5 5. Bb3 Na5 6. O-O d6 7. d4 Nxb3 8. axb3 f6 9. Nc3 Bb7 10. Nh4 Ne7 11. dxe5 dxe5 12. Qf3 Qd7 13. Rd1 Qe6 14. Nd5 Nxd5 15. exd5 Qf7 16. Be3 Be7 17. Nf5 Rd8 18. c4 g6 19. Nh6 Qg7 20. Qg3 Bc8 21. h4 Bd6 22. Qf3 Be7 23. Rac1 bxc4 24. bxc4 Rf8 25. c5 f5 26. Bg5 Bxg5 27. hxg5 Qe7 28. Qg3 f4 29. Qh4 e4 30. d6 Qe5 31. dxc7 Rxd1+ 32. Rxd1 e3 33. Rd8+ Ke7 34. Ng8+ Rxg8 35. Rxg8 Be6 36. c8=Q exf2+ 37. Kxf2 Bxc8 38. Rxc8 1-0

[Event "JUG-chT"]
[Site "Budva"]
[Date "1996.??.??"]
[Round "1"]
[White "Sokolov, Andrei"]
[Black "Nikcevic, Nebojsa"]
[Result "1-0"]
[WhiteElo "2580"]
[BlackElo "2485"]
[PlyCount "99"]
[EventDate "1996.??.??"]
[Source "ChessBase"]

1. e4 e5 2. Nf3 Nc6 3. Bb5 a6 4. Ba4 b5 5. Bb3 Na5 6. d4 exd4 7. Qxd4 Ne7 8. O-O Nxb3 9. axb3 Bb7 10. Bg5 Nc6 11. Qd2 Be7 12. Nc3 Ne5 13. Nxe5 Bxg5 14. f4 Bf6 15. Nd5 d6 16. Ng4 Bxb2 17. Rad1 h5 18. Nge3 c6 19. Nb4 a5 20. c3 Qb6 21. Rfe1 axb4 22. Qxb2 bxc3 23. Qxc3 O-O 24. Kh1 b4 25. Qb2 Qc5 26. Rc1 Qa5 27. Nf5 f6 28. Nxd6 Qc7 29. Nxb7 Qxb7 30. Rc5 Ra3 31. h3 Rfa8 32. e5 Qb6 33. Qc2 Ra1 34. Rxa1 Rxa1+ 35. Kh2 fxe5 36. fxe5 Qc7 37. Qc4+ Kh8 38. Qe6 Re1 39. Qe8+ Kh7 40. Qxh5+ Kg8 41. Qe8+ Kh7 42. Rxc6 Qxe5+ 43. Qxe5 Rxe5 44. Rc4 Rb5 45. Kg3 Kg6 46. Kf4 Kh5 47. Ke3 Rg5 48. Kf3 Rb5 49. Rg4 g5 50. Ke3 1-0

[Event "Ostersund (zt)"]
[Site "?"]
[Date "1992.??.??"]
[Round "?"]
[White "Ernst, Th"]
[Black "Gausel, E."]
[Result "1-0"]
[WhiteElo "2570"]
[BlackElo "2485"]
[PlyCount "97"]
[EventDate "1992.??.??"]
[Source "ChessBase"]
[SourceDate "1992.06.01"]

1. e4 e5 2. Nf3 Nc6 3. Bb5 a6 4. Ba4 b5 5. Bb3 Na5 6. O-O d6 7. d4 f6 8. Bxg8 Rxg8 9. b4 Nc4 10. Nbd2 Nxd2 11. Qxd2 Bb7 12. Re1 a5 13. bxa5 c5 14. dxc5 dxc5 15. Qe2 Qxa5 16. Nxe5 O-O-O 17. Nf3 Bd6 18. Bb2 Rge8 19. e5 fxe5 20. Nxe5 Kb8 21. Rab1 Ka8 22. a3 Re7 23. Rbd1 Bxe5 24. Rxd8+ Qxd8 25. Bxe5 Qd5 26. f3 g5 27. Qe3 g4 28. Qc3 Bc6 29. Qa5+ Kb7 30. c4 Qxc4 31. Qd8 Re6 32. a4 b4 33. a5 Bd5 34. a6+ Kc6 35. a7 Kb5 36. Qd7+ Bc6 37. Qxc6+ Rxc6 38. a8=Q gxf3 39. Qb7+ Rb6 40. Qxf3 b3 41. Ra1 Qc2 42. Qa8 Kc4 43. Qg8+ Kb5 44. Qe8+ Kc4 45. Qf7+ Kb5 46. Qd7+ Kc4 47. Rf1 Qe4 48. Rc1+ Kb4 49. Bc3+ 1-0

[Event "Santa Clara"]
[Site "Santa Clara"]
[Date "1991.??.??"]
[Round "12"]
[White "Magem Badals, Jordi"]
[Black "Arencibia, Walter"]
[Result "1-0"]
[WhiteElo "2490"]
[BlackElo "2560"]
[PlyCount "79"]
[EventDate "1991.02.??"]
[Source "ChessBase"]

1. e4 e5 2. Nf3 Nc6 3. Bb5 a6 4. Ba4 b5 5. Bb3 Na5 6. O-O d6 7. d4 f6 8. c4 Nxc4 9. Bxc4 bxc4 10. Qc2 Be6 11. Be3 c5 12. dxe5 dxe5 13. Nc3 Qa5 14. Rfd1 Rb8 15. Nd5 Ne7 16. Nd2 Nxd5 17. exd5 Bd7 18. Nxc4 Qc7 19. f4 Bb5 20. d6 Qf7 21. b3 Qg6 22. Qd2 Qe4 23. d7+ Kf7 24. d8=Q Rxd8 25. Qxd8 Bxc4 26. bxc4 Qxe3+ 27. Kh1 Qxf4 28. Rab1 e4 29. Qd5+ Kg6 30. Rb3 h5 31. Re1 f5 32. Rg3+ Kh7 33. Qf7 h4 34. Rg6 Rg8 35. Re6 Qg4 36. Rf1 h3 37. gxh3 Qxh3 38. Qg6+ Kh8 39. Rxf5 Qh6 40. Rh5 1-0

[Event "Cannes op"]
[Site "Cannes"]
[Date "1996.??.??"]
[Round "8"]
[White "Groszpeter, Attila"]
[Black "Nikcevic, Nebojsa"]
[Result "1/2-1/2"]
[WhiteElo "2565"]
[BlackElo "2485"]
[PlyCount "158"]
[EventDate "1996.02.??"]
[Source "ChessBase"]

1. e4 e5 2. Nf3 Nc6 3. Bb5 a6 4. Ba4 b5 5. Bb3 Na5 6. O-O d6 7. d4 f6 8. Nc3 Nxb3 9. axb3 Bb7 10. Qe2 Ne7 11. Rd1 Ng6 12. dxe5 fxe5 13. Ng5 Qd7 14. Nd5 Be7 15. Nxe7 Nxe7 16. Qh5+ g6 17. Qf3 Ng8 18. c4 h6 19. Nh3 bxc4 20. bxc4 Qc6 21. c5 Qxc5 22. Be3 Qb4 23. Rac1 Rh7 24. Qe2 Qxe4 25. f3 Qf5 26. Nf2 Nf6 27. Qc4 Kf8 28. Qb4 Bc8 29. Bxh6+ Kg8 30. Be3 Be6 31. Qa5 Rc8 32. Qxa6 g5 33. h3 e4 34. fxe4 Nxe4 35. Nxe4 Qxe4 36. Re1 Bd5 37. Qe2 Re8 38. Qg4 Qxg4 39. hxg4 Rh4 40. Rxc7 Rxg4 41. Re2 Ba8 42. Rc3 Rge4 43. Kf2 d5 44. Rd2 Rg4 45. Rd4 Rxd4 46. Bxd4 Re4 47. Rc8+ Kf7 48. Be3 d4 49. Bxg5 Rg4 50. Rxa8 Rxg5 51. Rd8 Rc5 52. g4 Ke6 53. Kf3 d3 54. Ke3 Rc4 55. Kxd3 Rxg4 56. Kc3 Rg7 57. b3 Rc7+ 58. Kb2 Rb7 59. Rd3 Rb6 60. Kc3 Rc6+ 61. Kb4 Rc8 62. Kb5 Rb8+ 63. Kc5 Rc8+ 64. Kb6 Rb8+ 65. Kc7 Rb4 66. Kc6 Ke5 67. Kc5 Rb8 68. b4 Rc8+ 69. Kb5 Rb8+ 70. Kc4 Rc8+ 71. Kb3 Rb8 72. Rd2 Ke6 73. Rd4 Ke5 74. Kc3 Rc8+ 75. Rc4 Rb8 76. Rc6 Kd5 77. Ra6 Rc8+ 78. Kb3 Rc6 79. Ra7 Rc1 1/2-1/2

[Event "HUN-ch Super"]
[Site "Budapest"]
[Date "1995.??.??"]
[Round "8"]
[White "Fogarasi, Tibor"]
[Black "Varga, Zoltan"]
[Result "1/2-1/2"]
[WhiteElo "2515"]
[BlackElo "2535"]
[PlyCount "54"]
[EventDate "1995.11.??"]
[Source "ChessBase"]

1. e4 e5 2. Nf3 Nc6 3. Bb5 a6 4. Ba4 b5 5. Bb3 Na5 6. O-O d6 7. d4 exd4 8. Nxd4 Ne7 9. Qf3 Nxb3 10. axb3 Bb7 11. Nc3 c5 12. Nde2 b4 13. Nd5 Nxd5 14. exd5 Be7 15. Ng3 O-O 16. Nf5 Bf6 17. Bf4 Be5 18. Bxe5 dxe5 19. Rad1 Qf6 20. Qe4 Rad8 21. Rfe1 Bxd5 22. Rxd5 Rxd5 23. Qxd5 Qxf5 24. Qxc5 Rd8 25. Qxb4 Qxc2 26. Qe7 Rf8 27. Qxe5 Qxb3 1/2-1/2

[Event "6th Gibtelecom Masters"]
[Site "Gibraltar ENG"]
[Date "2008.01.30"]
[Round "9"]
[White "Arakhamia, K."]
[Black "Agdestein, S."]
[Result "1-0"]
[WhiteElo "2457"]
[BlackElo "2589"]
[PlyCount "98"]
[EventDate "2008.01.22"]
[Source "www.chesslib.no"]
[SourceDate "2004.05.04"]

1. e4 e5 2. Nf3 Nc6 3. Bb5 a6 4. Ba4 b5 5. Bb3 Na5 6. O-O d6 7. d4 f6 8. dxe5 Nxb3 9. axb3 dxe5 10. Qe2 Ne7 11. Rd1 Bd7 12. Nc3 Ng6 13. Be3 c6 14. Ne1 Be7 15. Nd3 O-O 16. Bc5 Rf7 17. Qe3 Qc7 18. Bxe7 Rxe7 19. Qc5 Be8 20. Nd5 cxd5 21. Qxd5+ Kf8 22. Qxa8 Qxc2 23. Qxa6 Kf7 24. b4 Nf4 25. Nxf4 exf4 26. f3 Kg6 27. Qa3 Rc7 28. Qd3 Qxb2 29. Rab1 Qe5 30. Qd5 Bf7 31. Qxe5 fxe5 32. Rbc1 Bc4 33. Rd5 Re7 34. Rd6+ Kf7 35. Rcd1 Be6 36. Rb6 Bc4 37. Ra6 g5 38. Rda1 h5 39. Ra7 h4 40. Rxe7+ Kxe7 41. Ra7+ Kf6 42. Ra6+ Kf7 43. Kf2 Be6 44. Ra7+ Kf6 45. Rb7 Bc4 46. Rb6+ Kg7 47. Rc6 Kf7 48. h3 Bd3 49. Ke1 Bc4 1-0

[Event "Stockholm"]
[Site "Stockholm"]
[Date "1990.??.??"]
[Round "?"]
[White "Shirov, Alexei"]
[Black "Gausel, Einar"]
[Result "1/2-1/2"]
[WhiteElo "2580"]
[BlackElo "2460"]
[PlyCount "45"]
[EventDate "1990.??.??"]
[Source "ChessBase"]

1. e4 e5 2. Nf3 Nc6 3. Bb5 a6 4. Ba4 b5 5. Bb3 Na5 6. O-O d6 7. d4 f6 8. c3 Nxb3 9. Qxb3 Bb7 10. Nbd2 Qd7 11. a4 c6 12. c4 exd4 13. Nxd4 c5 14. Nf5 b4 15. Re1 O-O-O 16. Nf1 g6 17. N5e3 Bh6 18. Nd5 Qe6 19. Qg3 Bxc1 20. Raxc1 Ne7 21. Nd2 Rhe8 22. Re3 Qe5 23. Qxe5 1/2-1/2

[Event "Zaragoza op"]
[Site "Zaragoza"]
[Date "1996.??.??"]
[Round "2"]
[White "Wahls, Matthias"]
[Black "Nikcevic, Nebojsa"]
[Result "1-0"]
[WhiteElo "2555"]
[BlackElo "2485"]
[PlyCount "67"]
[EventDate "1996.04.??"]
[Source "www.chesslib.no"]
[SourceDate "2004.05.04"]

1. e4 e5 2. Nf3 Nc6 3. Bb5 a6 4. Ba4 b5 5. Bb3 Na5 6. O-O d6 7. d4 f6 8. c4 Nxb3 9. axb3 b4 10. c5 Ne7 11. Be3 exd4 12. Qxd4 dxc5 13. Qc4 Ng6 14. Rc1 Qd6 15. Nbd2 Be6 16. Qxc5 Qxc5 17. Bxc5 Kd7 18. Nd4 Bf7 19. Bxf8 Rhxf8 20. Nc6 Nf4 21. Kf1 Nd3 22. Rc2 a5 23. Ke2 Nf4+ 24. Kf3 Ne6 25. Ke3 Rfc8 26. f4 Nd8 27. Nxd8 Rxd8 28. Rc5 a4 29. bxa4 b3 30. Nf3 Ra6 31. Nd4 Rb8 32. Rac1 Rb7 33. a5 Raa7 34. Nb5 1-0

[Event "DSV-Turnier"]
[Site "Halle"]
[Date "1974.??.??"]
[Round "?"]
[White "Savon, Vladimir A"]
[Black "Mueller, Klaus Uwe"]
[Result "1-0"]
[WhiteElo "2575"]
[BlackElo "2465"]
[PlyCount "55"]
[EventDate "1974.??.??"]
[Source "ChessBase"]

1. e4 e5 2. Nf3 Nc6 3. Bb5 a6 4. Ba4 b5 5. Bb3 Na5 6. O-O d6 7. d4 exd4 8. Nxd4 Bb7 9. Bd2 Nxb3 10. Nxb3 Rc8 11. a4 Be7 12. axb5 axb5 13. Qe2 Kf8 14. Ra7 Ba8 15. Na3 c6 16. Ba5 Qe8 17. Nd4 g6 18. e5 d5 19. e6 f6 20. b4 h5 21. c3 h4 22. Nac2 Rh5 23. f4 Nh6 24. Bb6 c5 25. Bxc5 Rxc5 26. bxc5 Bxc5 27. e7+ Bxe7 28. Rfa1 1-0

[Event "Reykjavik zt 1.3"]
[Site "Reykjavik"]
[Date "2000.09.12"]
[Round "3.2"]
[White "Hansen, Sune Berg"]
[Black "Gausel, Einar"]
[Result "1/2-1/2"]
[WhiteElo "2545"]
[BlackElo "2492"]
[PlyCount "73"]
[EventDate "2000.09.05"]
[Source "ChessBase"]
[SourceDate "2000.11.21"]

1. e4 e5 2. Nf3 Nc6 3. Bb5 a6 4. Ba4 b5 5. Bb3 Na5 6. O-O d6 7. d4 f6 8. Nc3 c6 9. Be3 Nxb3 10. axb3 Bg4 11. h3 Bh5 12. g4 Bg6 13. Qe2 h5 14. Nh4 Bf7 15. Ng2 Ne7 16. f4 hxg4 17. hxg4 Qc7 18. dxe5 dxe5 19. f5 Nc8 20. Qf2 Rh3 21. Ne1 Nd6 22. Kg2 Rh8 23. Nd3 b4 24. Nxb4 Nxf5 25. Nxa6 Rxa6 26. Rxa6 Qc8 27. Qxf5 Qxa6 28. Ra1 g6 29. Qxf6 Qxa1 30. Qxc6+ Kd8 31. Bb6+ Ke7 32. Bc5+ Kd8 33. Qf6+ Kd7 34. Qxf7+ Kc8 35. Qe8+ Kb7 36. Qd7+ Kb8 37. Qd8+ 1/2-1/2

[Event "Jerusalem"]
[Site "Jerusalem"]
[Date "1986.??.??"]
[Round "?"]
[White "Murey, Jacob"]
[Black "Agdestein, Simen"]
[Result "0-1"]
[WhiteElo "2490"]
[BlackElo "2545"]
[PlyCount "78"]
[EventDate "1986.11.??"]
[Source "ChessBase"]

1. e4 e5 2. Nf3 Nc6 3. Bb5 a6 4. Ba4 b5 5. Bb3 Na5 6. O-O d6 7. d4 Nxb3 8. axb3 f6 9. c4 b4 10. Be3 Bb7 11. d5 c5 12. dxc6 Bxc6 13. Nbd2 Qd7 14. Ne1 Qb7 15. f3 g6 16. Nc2 Ne7 17. Qe2 a5 18. Qd3 Qc7 19. Ra2 Bb7 20. Rfa1 Nc6 21. Nf1 Bg7 22. Qd2 O-O 23. Bh6 Bxh6 24. Qxh6 Nd8 25. Nd2 Ne6 26. Qe3 f5 27. exf5 gxf5 28. Rd1 Kh8 29. Raa1 Rg8 30. Ne1 Rg6 31. Nf1 f4 32. Qf2 Rag8 33. h3 Nc5 34. Qc2 e4 35. Nh2 exf3 36. Nhxf3 Rxg2+ 37. Qxg2 Rxg2+ 38. Kxg2 Qg7+ 39. Kh1 Ne4 0-1

[Event "Gausdal (zt)"]
[Site "?"]
[Date "1987.??.??"]
[Round "?"]
[White "Ernst, Th"]
[Black "Agdestein, S."]
[Result "1-0"]
[WhiteElo "2465"]
[BlackElo "2560"]
[PlyCount "109"]
[EventDate "1987.??.??"]
[Source "ChessBase"]
[SourceDate "1987.01.01"]

1. e4 e5 2. Nf3 Nc6 3. Bb5 a6 4. Ba4 b5 5. Bb3 Na5 6. O-O d6 7. d4 Nxb3 8. axb3 f6 9. c4 b4 10. Nh4 Ne7 11. Be3 g6 12. Qd2 exd4 13. Bxd4 Bg7 14. Be3 a5 15. Bh6 O-O 16. Bxg7 Kxg7 17. Qe3 c5 18. Nd2 g5 19. Nhf3 Ng6 20. Rfd1 Re8 21. Nf1 h5 22. Qd3 Ra6 23. Ne3 Nf4 24. Qc2 h4 25. Nd5 Nxd5 26. cxd5 h3 27. g3 Ra7 28. Re1 Rae7 29. Re3 Bg4 30. Rae1 Qd7 31. Nd2 f5 32. Qc4 Bh5 33. Qf1 fxe4 34. Nxe4 g4 35. Qa6 Bf7 36. Nxd6 Rxe3 37. fxe3 Rd8 38. Nxf7 Qxf7 39. e4 Qf3 40. Qe2 Qxe2 41. Rxe2 Kf6 42. Kf2 Ke5 43. Ke3 c4 44. bxc4 Rf8 45. c5 a4 46. c6 a3 47. bxa3 bxa3 48. Rc2 Rc8 49. Kd3 Rc7 50. Kc4 Kxe4 51. Kc5 Ra7 52. Ra2 Ra5+ 53. Kb6 Rxd5 54. c7 Rd6+ 55. Kb7 1-0

[Event "Excelsior Cup"]
[Site "Goteborg"]
[Date "2003.??.??"]
[Round "9"]
[White "Rytshagov, Mikhail"]
[Black "Johannessen, Leif Erlend"]
[Result "1/2-1/2"]
[WhiteElo "2492"]
[BlackElo "2527"]
[PlyCount "41"]
[EventDate "2003.01.??"]
[Source "Roberto Alvarez"]
[SourceDate "2003.02.17"]

1. e4 e5 2. Nf3 Nc6 3. Bb5 a6 4. Ba4 b5 5. Bb3 Na5 6. O-O d6 7. d4 Nxb3 8. axb3 f6 9. Nc3 Bb7 10. Qe2 Ne7 11. dxe5 dxe5 12. Rd1 Qc8 13. Be3 Ng6 14. Nd5 Bd6 15. c4 O-O 16. c5 Be7 17. Nh4 Bd8 18. Nf5 Qe6 19. Qg4 Kh8 20. b4 Rf7 21. Qf3 1/2-1/2

[Event "TCh-SCG"]
[Site "Petrovac"]
[Date "2004.05.18"]
[Round "3"]
[White "Perunovic, Milos"]
[Black "Nikcevic, Nebojsa"]
[Result "1-0"]
[WhiteElo "2557"]
[BlackElo "2451"]
[PlyCount "71"]
[EventDate "2004.05.16"]
[Source "Roberto Alvarez"]
[SourceDate "2004.05.24"]

1. e4 e5 2. Nf3 Nc6 3. Bb5 a6 4. Ba4 b5 5. Bb3 Na5 6. O-O d6 7. d4 f6 8. Bd2 Nxb3 9. axb3 c5 10. Ba5 Qd7 11. Nc3 Ne7 12. dxc5 dxc5 13. Qe2 Bb7 14. Rfd1 Qe6 15. Rd2 Ng6 16. g3 Be7 17. Nd5 O-O 18. Rad1 Bd8 19. Bxd8 Raxd8 20. c4 Rb8 21. Qe3 Qg4 22. Ne1 f5 23. exf5 Rxf5 24. Qxc5 Rbf8 25. f3 Qh3 26. Qe3 h6 27. Qe2 Rg5 28. Ng2 Kh7 29. Qe4 Kh8 30. Rf2 Rff5 31. Nge3 Rf7 32. Rg2 h5 33. Rf1 h4 34. gxh4 Rxg2+ 35. Nxg2 Nf4 36. Ndxf4 1-0

[Event "Banja Luka"]
[Site "Banja Luka"]
[Date "1976.??.??"]
[Round "3"]
[White "Planinec, Albin"]
[Black "Lombardy, William James"]
[Result "1/2-1/2"]
[WhiteElo "2485"]
[BlackElo "2520"]
[PlyCount "71"]
[EventDate "1976.12.??"]
[Source "ChessBase"]

1. e4 e5 2. Nf3 Nc6 3. Bb5 a6 4. Ba4 d6 5. O-O b5 6. Bb3 Na5 7. d4 f6 8. Bxg8 Rxg8 9. a4 b4 10. c3 c5 11. cxb4 cxb4 12. Nbd2 Be6 13. b3 g6 14. Bb2 Rg7 15. d5 Bc8 16. Ne1 Qb6 17. Nc2 Rf7 18. Ne3 Qd8 19. Nec4 Nxc4 20. Nxc4 a5 21. f4 Ba6 22. fxe5 fxe5 23. Qg4 Qc8 24. Qxc8+ Rxc8 25. Rxf7 Kxf7 26. Nxa5 Rc2 27. Bc1 Bd3 28. Nc4 Bxc4 29. bxc4 b3 30. Rb1 Rxc4 31. a5 Be7 32. Be3 Ra4 33. Rxb3 Rxa5 34. Rb7 Ke8 35. Rb8+ Kf7 36. Rb7 1/2-1/2